[Event "Wood Green Invitational"]
[Site "Stafford"]
[Date "2025.03.09"]
[Round "9.2"]
[White "Badacsonyi, Stanley"]
[Black "Alexakis, Dimitris"]
[Result "0-1"]
[WhiteElo "2334"]
[BlackElo "2507"]
[PlyCount "126"]
[EventDate "2025.03.05"]
[EventType "tourn"]
[EventRounds "9"]
[EventCountry "ENG"]
[SourceTitle "BritBase"]
[Source "John Saunders"]
[SourceDate "2025.02.21"]
[SourceVersion "1"]
[SourceVersionDate "2025.02.21"]
[SourceQuality "1"]

1. d4 Nf6 2. c4 e6 3. Nc3 Bb4 4. e3 O-O 5. Bd2 b6 6. Nf3 d5 7. cxd5 exd5 8. Bd3 c5 9. a3 Bxc3 10. Bxc3 c4 11. Bc2 Bg4 12. h3 Bh5 13. Qd2 Bg6 14. Ne5 Bxc2 15. Qxc2 Qc7 16. f3 Nc6 17. Ng4 Nd7 18. O-O f5 19. Nf2 b5 20. e4 a5 21. exd5 Ne7 22. Qe2 Rf7 23. Qe6 Nf8 24. Qe5 Qxe5 25. dxe5 Nxd5 26. Rfd1 Rd7 27. Be1 Kf7 28. Rac1 a4 29. Rd2 Rad8 30. g3 Ne6 31. h4 h6 32. Rcd1 Nc5 33. Re2 Ke6 34. Ba5 Nc3 35. Bxc3 Rxd1+ 36. Nxd1 Rxd1+ 37. Kh2 Rd3 38. Kg2 g5 39. hxg5 hxg5 40. Bd2 g4 41. fxg4 fxg4 42. Bb4 Nb3 43. Re4 Rd4 44. Re1 Nd2 45. Rh1 Ne4 46. Rh6+ Kxe5 47. Rh5+ Ke6 48. Rxb5 Rd3 49. Be1 Rb3 50. Rb4 Rxb4 51. Bxb4 Kd5 52. Bf8 Kd4 53. Bg7+ Kd3 54. Be5 Kc2 55. Kf1 Nc5 56. Ke2 Nd3 57. Bd4 Nxb2 58. Ke3 c3 59. Kf4 Kd3 60. Bf6 Nc4 61. Bxc3 Kxc3 62. Kxg4 Nxa3 63. Kf5 Nc4 0-1

[Event "Wood Green Invitational"]
[Site "Stafford"]
[Date "2025.03.09"]
[Round "9.3"]
[White "Harvey, Marcus Ross"]
[Black "Olsen, Filip Boe"]
[Result "1-0"]
[WhiteElo "2495"]
[BlackElo "2468"]
[PlyCount "85"]
[EventDate "2025.03.05"]
[EventType "tourn"]
[EventRounds "9"]
[EventCountry "ENG"]
[SourceTitle "BritBase"]
[Source "John Saunders"]
[SourceDate "2025.02.21"]
[SourceVersion "1"]
[SourceVersionDate "2025.02.21"]
[SourceQuality "1"]

1. c4 c5 2. Nf3 Nc6 3. d4 cxd4 4. Nxd4 g6 5. e4 Bg7 6. Be3 Qb6 7. Nb5 Qa5+ 8. Bd2 Qd8 9. Bc3 Nf6 10. Nd2 d6 11. Be2 O-O 12. O-O e5 13. Re1 Be6 14. Bf1 a6 15. Na3 Qb6 16. Nc2 Ng4 17. Ne3 Nxe3 18. fxe3 Bh6 19. Qe2 Nb4 20. Nf3 f5 21. exf5 Bxf5 22. c5 dxc5 23. Qc4+ Be6 24. Qh4 Rxf3 25. gxf3 Bg7 26. Bxb4 cxb4 27. Bc4 e4 28. Qxe4 Bxc4 29. Qxc4+ Kh8 30. Re2 Re8 31. Kh1 h5 32. Rae1 a5 33. b3 Re5 34. f4 Rf5 35. Rg2 Kh7 36. Qe4 Kh6 37. Rg5 Rf6 38. f5 gxf5 39. Qh4 Qc6+ 40. e4 Kh7 41. Qxh5+ Rh6 42. Qf7 Qc3 43. Qxf5+ 1-0

[Event "Wood Green Invitational"]
[Site "Stafford"]
[Date "2025.03.09"]
[Round "9.5"]
[White "Cornette, Matthieu"]
[Black "Ghasi, Ameet K"]
[Result "0-1"]
[WhiteElo "2527"]
[BlackElo "2505"]
[PlyCount "84"]
[EventDate "2025.03.05"]
[EventType "tourn"]
[EventRounds "9"]
[EventCountry "ENG"]
[SourceTitle "BritBase"]
[Source "John Saunders"]
[SourceDate "2025.02.21"]
[SourceVersion "1"]
[SourceVersionDate "2025.02.21"]
[SourceQuality "1"]

1. e4 c6 2. d4 d5 3. e5 Bf5 4. Nd2 e6 5. Nb3 Nd7 6. Nf3 Qc7 7. Be2 c5 8. c3 h6 9. O-O c4 10. Nbd2 Ne7 11. Ne1 b5 12. Nc2 a5 13. a3 Bh7 14. g4 Nc6 15. f4 f6 16. Ne3 fxe5 17. fxe5 Be7 18. Ng2 g5 19. Nf3 a4 20. Be3 O-O-O 21. Qe1 Na5 22. Qg3 Nb3 23. Rae1 Rdf8 24. h4 Rfg8 25. h5 Rf8 26. Nd2 Qa5 27. Nxb3 axb3 28. Bc1 Qd8 29. Ne3 Rxf1+ 30. Rxf1 Rf8 31. Qh3 Rxf1+ 32. Qxf1 Qf8 33. Qxf8+ Bxf8 34. Bf3 Nb6 35. Kf2 Na4 36. Ke2 Bxa3 37. bxa3 Nxc3+ 38. Ke1 Na4 39. Nd1 c3 40. Nxc3 Nxc3 41. Bd1 Nxd1 42. Kxd1 Be4 0-1